000 00393nam a22001337a 4500
005 20180529144322.0
008 180529b xxu||||| |||| 00| 0 eng d
041 _aeng
100 _aQAMAR, PROF FURQAN
_94316
245 _aMITIGATING FACULTY SHORTAGES IN THE INSTITUTIONS OF HIGHER EDUCATION IN INDIA
260 _aNEW DELHI
_bASSOCIATION OF INDIAN UNIVERSITIES
300 _a15P.
942 _cBK
999 _c5701
_d5699